Základné úrokové miery centrálnych bánk bakalárska práca

Gespeichert in:
Bibliographische Detailangaben
1. Verfasser: Havlas, Dávid
Körperschaft: Fakulta podnikového manažmentu EU. Katedra podnikových financií
Weitere Verfasser: Kmeťko, Miroslav, 1969-
Format: Buch
Sprache:Slowakisch
Veröffentlicht: Bratislava 2021
Tags: Tag hinzufügen
Keine Tags, Fügen Sie das erste Tag hinzu!

MARC

LEADER 00000nbm a2200000 4500
001 0275463
005 20211112141446.7
041 0 |a slo 
044 |a SK 
245 1 0 |a Základné úrokové miery centrálnych bánk  |b bakalárska práca  |c Dávid Havlas ; školiteľ: Miroslav Kmeťko 
264 1 |a Bratislava  |c 2021 
300 |a 46 s. 
100 1 |a Havlas, Dávid 
700 1 |a Kmeťko, Miroslav, 1969- 
710 2 |a Fakulta podnikového manažmentu EU. Katedra podnikových financií